| 000 | 00864nam a2200277Ia 4500 | ||
|---|---|---|---|
| 003 | OSt | ||
| 005 | 20220918171223.0 | ||
| 006 | a|||||r|||| 00| 0 | ||
| 007 | ta | ||
| 008 | 220917b |||||||| |||| 00| 0 eng d | ||
| 020 |
_a9781412986687 (pbk) _c2480.78 |
||
| 024 | _a258,916 | ||
| 037 |
_b333, 20/01/2012, Kilaso Books _cTextual |
||
| 040 |
_aARTS _cARTS _beng |
||
| 041 |
_2eng _aeng |
||
| 082 | _aS:86:(Y), Q1 | ||
| 100 |
_aThomas Anita Jones _934857 |
||
| 245 | 0 |
_aCulture & identity _b Life stories for counselors and therapists |
|
| 250 | _a2nd ed | ||
| 260 |
_aLos Angeles _bAngles Sage _c2011 |
||
| 300 |
_axxi,373p. _ccm. |
||
| 650 | _aPSYCHOLOGY | ||
| 700 |
_a Schwarzbaum Sara E _934858 |
||
| 942 |
_hS:86:(Y), Q1 _cTEXL _2CC |
||
| 999 |
_c138398 _d138398 |
||